000 00366nam a2200157Ia 4500
003 OSt
005 20240207122241.0
008 170523s9999 xx 000 0 und d
020 _a978-9325968967
040 _ciimt university meerut
100 _aKOTHARI- CR
245 0 _aQUANTITATIVE TECHNIQUES
260 _bVikas Publication
260 _c1999
942 _2ddc
_c02
999 _c381
_d381